Buenos aires, la colonia de nadie /
Guardado en:
| Autor Principal: | |
|---|---|
| Formato: | Libro |
| Publicado: |
Buenos Aires :
Eudeba,
2011
|
| Series: | Temas
|
| Materias: | |
| Etiquetas: |
Agregar Etiqueta
Sin Etiquetas, Sea el primero en etiquetar este registro!
|
| LEADER | 00670nam a22002415a 4500 | ||
|---|---|---|---|
| 001 | CEM.cems014127 | ||
| 008 | 130507s2011##################000#0#####d | ||
| 005 | 20210706091313.0 | ||
| 003 | CEMS | ||
| 245 | 1 | 0 | |a Buenos aires, la colonia de nadie / |c Oscar Muiño |
| 260 | |a Buenos Aires : |b Eudeba, |c 2011 | ||
| 300 | |a 488 p. | ||
| 490 | 0 | |a Temas | |
| 590 | |a 1180.013 | ||
| 020 | |a 9789502317724 | ||
| 100 | 1 | |a Muiño, Oscar | |
| 653 | |a Historia | ||
| 653 | |a Historia argentina | ||
| 653 | |a Virreinato del río de la plata | ||
| 653 | |a Invasiones inglesas | ||
| 653 | |a Revolución de mayo | ||
| 653 | |a Biblioteca TC | ||
| 859 | |a CEMS |b BIB. CEMS - 11 de abril |h TC |p 1180.013 |t Ej.1 | ||
